| 000 | 01803cam a22004455a 4500 | ||
|---|---|---|---|
| 999 |
_c12853 _d12853 |
||
| 001 | 14021266 | ||
| 003 | EG-ScBUE | ||
| 005 | 20201125063832.0 | ||
| 006 | m||||fq||h 00| 0 | ||
| 008 | 050529r20092005enka f 000 0 eng d | ||
| 020 | _a9780521750653 (pbk. : Work bk. 3) | ||
| 020 | _a9780521750646 | ||
| 040 |
_aH2E _beng _erda _cH2E _dDLC _dEG-ScBUE |
||
| 082 | 0 | 4 |
_a428.24 _bPUC _222 |
| 100 | 1 |
_aPuchta, Herbert, _eauthor. _99117 |
|
| 245 | 1 | 0 |
_aEnglish in mind. _n3 / _cHerbert Puchta [and three others] |
| 250 | _aNinth printing. | ||
| 264 | 1 |
_aCambridge, UK : _bCambridge University Press, _c2009. |
|
| 300 |
_a2 volumes : _billustrations ; _c30 cm + _e1 CD |
||
| 336 |
_2rdacontent _atext _btxt |
||
| 336 |
_2rdacontent _asounds _bsnd |
||
| 337 |
_2rdamedia _aunmediated _bn |
||
| 337 |
_2rdamedia _aaudio _bs |
||
| 338 |
_2rdacarrier _avolume _bnc |
||
| 338 |
_2rdacarrier _acomputer disc _bcd |
||
| 500 | _aFirst published 2005. | ||
| 505 | 0 | _aStudent's book -- Workbook. | |
| 520 | _aEnglish in Mind is a six-level course for teenagers. | ||
| 590 | _aMarwa Ashraf | ||
| 650 | 7 |
_aEnglish language _xGrammar _vProblems, exercises, etc. _2BUEsh _913890 |
|
| 653 |
_bHHUUEENN _cAugust2015 _cJuly2019 |
||
| 655 |
_vReading book _934232 |
||
| 700 | 1 |
_aStranks, Jeff, _eauthor. _99121 |
|
| 700 | 1 |
_aCarter, Richard‏ _c(Writer on English language) _eauthor. |
|
| 700 | 1 |
_aLewis-Jones, Peter, _eauthor. |
|
| 856 | 4 | 2 |
_3Publisher description _uhttp://www.loc.gov/catdir/enhancements/fy0632/2005544510-d.html |
| 856 | 4 | 1 |
_3Table of contents only _uhttp://www.loc.gov/catdir/enhancements/fy0632/2005544510-t.html |
| 942 |
_2ddc _cNB |
||